000 00998cab a2200265 4500
001 WB3435-34
008 090401t1998 xxu||||| |||| 00| 0 eng d
035 _a(Sirsi) u88473
041 _aeng
245 _aPFI to fund housing repairs
260 _c1998
350 _a0
490 _aFinancial Times
_v15 September 1998, 12
490 _aDETR News Release
_v(744) 14 September 1998
490 _aHousing Today
_v(101) 17 September 1998, 4(4)
520 _aThe government is backing pilot projects to see if the huge backlog in council house repairs can be tackled using the private finance initiative according to a report which sets out suggestions for using PFI to build new stock and finance replacement and refurbishment schemes.
650 _aCOUNCIL HOUSING
650 _aHOUSING REPAIRS
650 _aPFI
650 _aPRICEWATERHOUSECOOPERS
650 _aBUILT ENVIRONMENT-BUILDING MAINTENANCE AND REFURBISHMENT
690 _aHOUSING
942 _n0
948 _c15/09/1998
999 _c55893
_d55893